[Event "CZE-chT 0304"]
[Site "Czech Republic"]
[Date "2003.12.06"]
[Round "3"]
[White "Krupkova, Petra"]
[Black "Petran, Peter"]
[Result "1/2-1/2"]
[WhiteElo "2270"]
[BlackElo "2400"]
[PlyCount "121"]
[EventDate "2003.11.08"]
[EventType "team-tourn"]
[EventRounds "11"]
[EventCountry "CZE"]
[SourceTitle "EXT 2019"]
[Source "ChessBase"]
[SourceDate "2018.10.10"]
[SourceVersion "1"]
[SourceVersionDate "2018.10.10"]
[SourceQuality "1"]
[WhiteTeam "Pardubice RC Sport"]
[BlackTeam "Vysehrad SK Sokol"]
[WhiteTeamCountry "CZE"]
[BlackTeamCountry "CZE"]

1. e4 c6 2. d4 d5 3. exd5 cxd5 4. c4 Nf6 5. Nc3 g6 6. cxd5 Bg7 7. Bc4 0-0 8. Nge2 Nbd7 9. Bb3 Nb6 10. Nf4 Bf5 11. 0-0 Rc8 12. Qe2 Re8 13. Re1 a6 14. Be3 Ne4 15. g4 g5 16. Nh5 Bg6 17. Nxe4 Bxe4 18. Nxg7 Kxg7 19. Bxg5 Bxd5 20. Bc2 Qd6 21. Rac1 f6 22. Be3 Bf7 23. Be4 Nd5 24. Qf3 Rcd8 25. Qh3 Rh8 26. Bh6+ Kg8 27. Rcd1 b5 28. a3 a5 29. Rd2 b4 30. axb4 axb4 31. Qg2 b3 32. g5 Nf4 33. Qg3 Ne6 34. gxf6+ Qxg3+ 35. hxg3 exf6 36. d5 Nc5 37. Bf3 Nd7 38. Re3 Ne5 39. Rxb3 Bg6 40. Rd4 Nxf3+ 41. Rxf3 Kf7 42. b4 Rd7 43. Bf4 Ra8 44. Be5 f5 45. g4 Ra1+ 46. Kg2 Re1 47. Bg3 Kf6 48. d6 Ke6 49. gxf5+ Bxf5 50. Re3+ Rxe3 51. fxe3 h5 52. b5 Rb7 53. Rb4 Kd5 54. Rd4+ Kc5 55. Bf4 Bd7 56. Rd2 Rxb5 57. e4 Kc4 58. Kf2 Rb3 59. e5 Ra3 60. Re2 Be6 61. Bg3 1/2-1/2

[Event "CZE-ch (Women)"]
[Site "Luhacovice"]
[Date "2003.02.21"]
[Round "1.2"]
[White "Krupkova, Petra"]
[Black "Svobodova, Michaela"]
[Result "1-0"]
[WhiteElo "2301"]
[BlackElo "2139"]
[PlyCount "79"]
[EventDate "2003.02.21"]
[EventType "swiss"]
[EventRounds "9"]
[EventCountry "CZE"]
[SourceTitle "CBM 092 Extra"]
[Source "ChessBase"]
[SourceDate "2003.03.07"]
[SourceVersion "1"]
[SourceVersionDate "2003.03.07"]
[SourceQuality "1"]

1. e4 c5 2. c3 d5 3. exd5 Qxd5 4. d4 cxd4 5. cxd4 Nc6 6. Nf3 e5 7. Nc3 Bb4 8. Be2 Nf6 9. 0-0 Bxc3 10. bxc3 e4 11. Nd2 0-0 12. Nb3 Qf5 13. c4 Qg6 14. Kh1 Bf5 15. Be3 Rfd8 16. h3 Ne5 17. Nd2 Nd3 18. Rb1 b6 19. g4 Bd7 20. f4 exf3 21. Nxf3 Nxg4 22. hxg4 Qxg4 23. Bxd3 Qh3+ 24. Nh2 Qxe3 25. d5 Ba4 26. Qxa4 Qxd3 27. Rbe1 b5 28. Qxb5 Rab8 29. Qc6 Rbc8 30. Qb7 Rf8 31. Rxf7 Qg6 32. Rxf8+ Rxf8 33. Qxa7 h5 34. Qe3 Qc2 35. Qe2 Qa4 36. c5 Qd4 37. Qe6+ Kh8 38. c6 Rf6 39. Qe8+ Kh7 40. Qe4+ 1-0

[Event "Olympiad Women-35"]
[Site "Bled"]
[Date "2002.11.05"]
[Round "10.1"]
[White "Son, Olga"]
[Black "Krupkova, Petra"]
[Result "0-1"]
[WhiteElo "2169"]
[BlackElo "2296"]
[PlyCount "107"]
[EventDate "2002.10.26"]
[EventType "team-swiss"]
[EventRounds "14"]
[EventCountry "SLO"]
[SourceTitle "EXT 2003"]
[Source "ChessBase"]
[SourceDate "2002.11.25"]
[SourceVersion "1"]
[SourceVersionDate "2002.11.25"]
[SourceQuality "1"]
[WhiteTeam "Uzbekistan (W)"]
[BlackTeam "Czech Republic (W)"]
[WhiteTeamCountry "UZB"]
[BlackTeamCountry "CZE"]

1. d4 Nf6 2. Nf3 d5 3. g3 c6 4. Bg2 Bf5 5. Nbd2 h6 6. c4 e6 7. 0-0 Nbd7 8. Re1 Be7 9. b3 0-0 10. Bb2 Ne4 11. a3 a5 12. Nxe4 Bxe4 13. Bf1 Bxf3 14. exf3 a4 15. cxd5 exd5 16. b4 Bf6 17. Rc1 Re8 18. Rxe8+ Qxe8 19. Bd3 Qe6 20. Qc2 Nb6 21. Qc5 Nd7 22. Qc2 Nb6 23. Bh7+ Kh8 24. Bf5 Qe7 25. Bd3 Qe6 26. Kg2 Kg8 27. Bh7+ Kh8 28. Bf5 Qe7 29. Bd3 g6 30. b5 cxb5 31. Bxb5 Kg7 32. Qc7 Qxc7 33. Rxc7 Rb8 34. Kf1 Bd8 35. Rc2 Be7 36. Ke2 Bd6 37. Bc1 Ra8 38. Kd3 Ra5 39. Be8 Nc4 40. Bd7 h5 41. f4 Kf6 42. Re2 Bxa3 43. Bxa3 Nxa3 44. Ra2 Nc4 45. Kc3 a3 46. Kb4 Ra8 47. Bb5 Rc8 48. f3 Ke6 49. Re2+ Kd6 50. Kb3 Rc7 51. Ka2 Re7 52. Rxe7 Kxe7 53. h3 Kf6 54. Bd7 0-1

[Event "Olympiad Women-35"]
[Site "Bled"]
[Date "2002.10.29"]
[Round "4.2"]
[White "Zatonskih, Anna"]
[Black "Krupkova, Petra"]
[Result "0-1"]
[WhiteElo "2421"]
[BlackElo "2296"]
[PlyCount "62"]
[EventDate "2002.10.26"]
[EventType "team-swiss"]
[EventRounds "14"]
[EventCountry "SLO"]
[SourceTitle "EXT 2003"]
[Source "ChessBase"]
[SourceDate "2002.11.25"]
[SourceVersion "1"]
[SourceVersionDate "2002.11.25"]
[SourceQuality "1"]
[WhiteTeam "Ukraine (W)"]
[BlackTeam "Czech Republic (W)"]
[WhiteTeamCountry "UKR"]
[BlackTeamCountry "CZE"]

1. e4 c5 2. Nf3 Nc6 3. d4 cxd4 4. Nxd4 Qc7 5. Nb5 Qb8 6. c4 Nf6 7. N1c3 a6 8. Na3 e6 9. Nc2 b5 10. cxb5 axb5 11. Nxb5 Nxe4 12. Be2 Ba6 13. a4 Be7 14. 0-0 d5 15. Be3 0-0 16. f3 Nd6 17. Nca3 Nf5 18. Bf2 Qe5 19. Bd3 Ne3 20. Bxe3 Qxe3+ 21. Kh1 Nb4 22. Bb1 Rfc8 23. Re1 Qf4 24. Qb3 g6 25. Rd1 Rab8 26. g3 Qe5 27. Kg2 Qe2+ 28. Kh3 Bf6 29. Bxg6 hxg6 30. Qxb4 Kg7 31. Kg4 Bxb2 0-1

[Event "Olympiad Women-35"]
[Site "Bled"]
[Date "2002.10.28"]
[Round "3.2"]
[White "Krupkova, Petra"]
[Black "Paehtz, Elisabeth"]
[Result "0-1"]
[WhiteElo "2296"]
[BlackElo "2349"]
[PlyCount "58"]
[EventDate "2002.10.26"]
[EventType "team-swiss"]
[EventRounds "14"]
[EventCountry "SLO"]
[SourceTitle "EXT 2003"]
[Source "ChessBase"]
[SourceDate "2002.11.25"]
[SourceVersion "1"]
[SourceVersionDate "2002.11.25"]
[SourceQuality "1"]
[WhiteTeam "Czech Republic (W)"]
[BlackTeam "Germany (W)"]
[WhiteTeamCountry "CZE"]
[BlackTeamCountry "GER"]

1. e4 g6 2. d4 Bg7 3. Nc3 d6 4. Be3 a6 5. f4 b5 6. Be2 b4 7. Nb1 Nd7 8. e5 e6 9. a3 bxa3 10. Rxa3 Ne7 11. Nf3 Bb7 12. Nc3 c5 13. dxc5 Nf5 14. Bf2 dxe5 15. fxe5 Qc7 16. b4 Nxe5 17. Nb1 0-0 18. Nbd2 Ng4 19. g3 a5 20. c3 axb4 21. Rxa8 Rc8 22. Rb8 Rxb8 23. cxb4 Ra8 24. Nb1 Ra1 25. Ne5 Qxe5 26. Be3 Qe4 27. Qd8+ Bf8 28. Rg1 Ngxe3 29. Rg2 Qxg2 0-1

[Event "EU-ch (Women) 3rd"]
[Site "Varna"]
[Date "2002.06.06"]
[Round "10"]
[White "Agrest, Svetlana"]
[Black "Krupkova, Petra"]
[Result "1-0"]
[WhiteElo "2225"]
[BlackElo "2293"]
[PlyCount "83"]
[EventDate "2002.05.27"]
[EventType "swiss"]
[EventRounds "11"]
[EventCountry "BUL"]
[SourceTitle "CBM 088 Extra"]
[Source "ChessBase"]
[SourceDate "2002.07.01"]
[SourceVersion "2"]
[SourceVersionDate "2002.07.01"]
[SourceQuality "1"]

1. e4 c5 2. Nc3 Nc6 3. g3 g6 4. Bg2 Bg7 5. d3 d6 6. f4 e6 7. Nf3 Nge7 8. 0-0 0-0 9. Be3 Nd4 10. e5 Nef5 11. Bf2 Nxf3+ 12. Qxf3 Nd4 13. Qd1 dxe5 14. fxe5 Bxe5 15. Ne4 f5 16. Nxc5 Qc7 17. b4 Nc6 18. d4 Bf6 19. c3 b6 20. Qf3 bxc5 21. Qxc6 Qxc6 22. Bxc6 Rb8 23. bxc5 Bb7 24. Bxb7 Rxb7 25. Rab1 Rfb8 26. Rxb7 Rxb7 27. c4 Rb4 28. Rc1 Kf7 29. c6 Ke7 30. d5 Kd8 31. Bxa7 exd5 32. cxd5 Bd4+ 33. Bxd4 Rxd4 34. c7+ Kc8 35. Rc5 Rd1+ 36. Kf2 Rd2+ 37. Ke3 Rxa2 38. d6 Ra8 39. Kd4 Kd7 40. Kd5 Rf8 41. Rb5 f4 42. Rb8 1-0

[Event "EU-ch (Women) 3rd"]
[Site "Varna"]
[Date "2002.06.05"]
[Round "9"]
[White "Krupkova, Petra"]
[Black "Bednikova, Stefka"]
[Result "1-0"]
[WhiteElo "2293"]
[BlackElo "2184"]
[PlyCount "103"]
[EventDate "2002.05.27"]
[EventType "swiss"]
[EventRounds "11"]
[EventCountry "BUL"]
[SourceTitle "CBM 088 Extra"]
[Source "ChessBase"]
[SourceDate "2002.07.01"]
[SourceVersion "2"]
[SourceVersionDate "2002.07.01"]
[SourceQuality "1"]

1. e4 d6 2. d4 Nf6 3. Nc3 g6 4. Be3 Bg7 5. Qd2 0-0 6. Bh6 e5 7. Bxg7 Kxg7 8. 0-0-0 exd4 9. Qxd4 Nc6 10. Qd2 Re8 11. f3 a6 12. Bc4 Be6 13. Bxe6 Rxe6 14. g4 b5 15. h4 Ne5 16. h5 Nc4 17. Qf4 Qd7 18. Nd5 Nxd5 19. exd5 Re5 20. h6+ Kf8 21. Qf6 Qd8 22. Qg7+ Ke7 23. f4 Re4 24. b3 Nb6 25. Nh3 Qh8 26. Rhe1 Rxe1 27. Rxe1+ Kd7 28. Qxf7+ Kd8 29. Qe7+ Kc8 30. Qe8+ Qxe8 31. Rxe8+ Kd7 32. Rxa8 Nxa8 33. Ng5 Ke7 34. Nxh7 Nb6 35. Ng5 Kf8 36. Ne6+ Kg8 37. Nxc7 Kh7 38. g5 a5 39. Kd2 b4 40. Kd3 Nd7 41. Kd4 Nc5 42. Ne8 Nb7 43. Kc4 a4 44. Kxb4 Nc5 45. Nxd6 axb3 46. axb3 Nd7 47. c4 Nb6 48. Kb5 Nd7 49. c5 Kg8 50. c6 Kh8 51. cxd7 Kh7 52. Ne4 1-0

[Event "EU-ch (Women) 3rd"]
[Site "Varna"]
[Date "2002.05.30"]
[Round "4"]
[White "Lomineishvili, Maia"]
[Black "Krupkova, Petra"]
[Result "1-0"]
[WhiteElo "2370"]
[BlackElo "2293"]
[PlyCount "77"]
[EventDate "2002.05.27"]
[EventType "swiss"]
[EventRounds "11"]
[EventCountry "BUL"]
[SourceTitle "CBM 088 Extra"]
[Source "ChessBase"]
[SourceDate "2002.07.01"]
[SourceVersion "2"]
[SourceVersionDate "2002.07.01"]
[SourceQuality "1"]

1. d4 Nf6 2. c4 g6 3. g3 Bg7 4. Bg2 d5 5. cxd5 Nxd5 6. Nf3 0-0 7. 0-0 Nb6 8. Nc3 Nc6 9. d5 Na5 10. Qc2 Nxd5 11. Rd1 c6 12. Ne1 Bd7 13. Nxd5 cxd5 14. Rxd5 e6 15. Rd3 Rc8 16. Qd1 Rc7 17. Bf4 e5 18. Rc1 exf4 19. Rxc7 Qxc7 20. Rxd7 Qb6 21. b3 fxg3 22. hxg3 Nc6 23. Qd5 Qa6 24. Qd2 Nd4 25. Rxd4 Bxd4 26. Qxd4 Qxe2 27. Nf3 Qxa2 28. Ne5 Qxb3 29. Ng4 Qb1+ 30. Kh2 h5 31. Nf6+ Kh8 32. Ne8+ f6 33. Qd7 Rxe8 34. Qxe8+ Kg7 35. Qe7+ Kh6 36. Qxf6 a5 37. Qh8+ Kg5 38. f4+ Kf5 39. Qe5+ 1-0

[Event "CZE-chT 0102"]
[Site "Czech Republic"]
[Date "2002.04.06"]
[Round "10"]
[White "Theissl Pokorna, Regina"]
[Black "Krupkova, Petra"]
[Result "0-1"]
[WhiteElo "2323"]
[BlackElo "2295"]
[PlyCount "152"]
[EventDate "2001.10.20"]
[EventType "team-tourn"]
[EventRounds "11"]
[EventCountry "CZE"]
[SourceTitle "EXT 2019"]
[Source "ChessBase"]
[SourceDate "2018.10.10"]
[SourceVersion "1"]
[SourceVersionDate "2018.10.10"]
[SourceQuality "1"]
[WhiteTeam "Praha Mahrla"]
[BlackTeam "Pardubice RC Sport"]
[WhiteTeamCountry "CZE"]
[BlackTeamCountry "CZE"]

1. e4 c5 2. Nf3 d6 3. d4 cxd4 4. Nxd4 Nf6 5. Nc3 a6 6. Bc4 e6 7. Bb3 b5 8. 0-0 Be7 9. Qf3 Qc7 10. Re1 0-0 11. Qg3 Bd7 12. Bh6 Ne8 13. Rad1 Kh8 14. Be3 Nc6 15. Nxc6 Bxc6 16. f3 b4 17. Ne2 a5 18. Nd4 Bd7 19. a4 bxa3 20. bxa3 a4 21. Ba2 Nf6 22. c4 Rab8 23. Qf2 Rfc8 24. Rb1 Rxb1 25. Rxb1 Rb8 26. Nb5 Qa5 27. Bd2 Qa6 28. Bb4 Bxb5 29. cxb5 Qxb5 30. Be1 Qe8 31. Rxb8 Qxb8 32. Qd4 d5 33. exd5 Nxd5 34. Qxa4 Bc5+ 35. Kh1 h6 36. Qe4 Nf6 37. Qd3 Qa8 38. Bb1 Qxa3 39. Qd8+ Ng8 40. Qd2 Qe3 41. Qxe3 Bxe3 42. Bc3 Ne7 43. g3 Kg8 44. Kg2 Nd5 45. Bb2 g5 46. Kf1 f6 47. Ke2 Kf7 48. Ba2 Bg1 49. h3 h5 50. Bc4 Bc5 51. Bc1 Bd6 52. Kf2 h4 53. gxh4 gxh4 54. Bd2 Bf4 55. Ba5 Bg3+ 56. Kg1 Kg6 57. Bd2 Kf5 58. Bc1 Bf4 59. Ba3 Be3+ 60. Kg2 Nf4+ 61. Kh2 Bf2 62. Bf1 Nd5 63. Bd6 Bd4 64. Bd3+ Kg5 65. f4+ Nxf4 66. Bxf4+ Kxf4 67. Kg2 f5 68. Bb5 e5 69. Bd7 e4 70. Bc8 Ke5 71. Bd7 f4 72. Bg4 Ba7 73. Be2 Kd4 74. Kf2 Kc3+ 75. Ke1 f3 76. Ba6 Kd4 0-1

[Event "CZE-chT2V 0203"]
[Site "Czech Republic"]
[Date "2002.??.??"]
[Round "3"]
[White "Hajek, Jan"]
[Black "Krupkova, Petra"]
[Result "1/2-1/2"]
[WhiteElo "2203"]
[BlackElo "2296"]
[PlyCount "64"]
[EventDate "2002.10.??"]
[EventType "team"]
[EventRounds "11"]
[EventCountry "CZE"]
[SourceTitle "EXT 2007"]
[Source "ChessBase"]
[SourceDate "2006.11.23"]
[SourceVersion "1"]
[SourceVersionDate "2006.11.23"]
[SourceQuality "1"]
[WhiteTeam "Bohemians II"]
[BlackTeam "AVE Kontakt"]
[WhiteTeamCountry "CZE"]
[BlackTeamCountry "CZE"]

1. d4 Nf6 2. c4 c6 3. Nc3 d5 4. Nf3 a6 5. a4 e6 6. Bg5 Be7 7. e3 0-0 8. Qc2 a5 9. cxd5 exd5 10. Bd3 h6 11. Bxf6 Bxf6 12. 0-0 Na6 13. Na2 Nb4 14. Nxb4 axb4 15. Rac1 Be6 16. b3 Qd6 17. Rfd1 Bg4 18. Bf5 Bxf5 19. Qxf5 Rfe8 20. Nd2 g6 21. Qd3 Bg7 22. Nf3 f5 23. g3 Re4 24. Nd2 Re6 25. Kg2 Rf8 26. f4 Rfe8 27. Re1 Qe7 28. Kf2 g5 29. Nf3 Re4 30. Nd2 Re6 31. Nf3 Re4 32. Nd2 Re6 1/2-1/2

[Event "CZE-chT 0102"]
[Site "Czech Republic"]
[Date "2001.11.18"]
[Round "3"]
[White "Obsivac, Josef"]
[Black "Krupkova, Petra"]
[Result "1-0"]
[WhiteElo "2348"]
[BlackElo "2295"]
[PlyCount "57"]
[EventDate "2001.10.20"]
[EventType "team-tourn"]
[EventRounds "11"]
[EventCountry "CZE"]
[SourceTitle "EXT 2019"]
[Source "ChessBase"]
[SourceDate "2018.10.10"]
[SourceVersion "1"]
[SourceVersionDate "2018.10.10"]
[SourceQuality "1"]
[WhiteTeam "Grygov A64 Valoz"]
[BlackTeam "Pardubice RC Sport"]
[WhiteTeamCountry "CZE"]
[BlackTeamCountry "CZE"]

1. d4 Nf6 2. c4 g6 3. Nc3 d5 4. Bg5 Ne4 5. Bf4 Nxc3 6. bxc3 dxc4 7. e3 Bg7 8. Bxc4 0-0 9. Nf3 c5 10. 0-0 Nc6 11. d5 Na5 12. Be2 Bxc3 13. Rc1 Bg7 14. Rxc5 b6 15. Rc1 Bb7 16. e4 Rc8 17. Qa4 e6 18. d6 Bc6 19. Bb5 Qd7 20. Rxc6 Rxc6 21. e5 Qb7 22. Bxc6 Nxc6 23. h4 f6 24. Rc1 Rc8 25. Qc4 Qd7 26. Nd4 b5 27. Qxe6+ Qxe6 28. Nxe6 fxe5 29. d7 1-0

[Event "BL 0102 (Women)"]
[Site "Germany"]
[Date "2001.10.28"]
[Round "2.2"]
[White "Krupkova, Petra"]
[Black "Bakalarz, Grazyna"]
[Result "1-0"]
[WhiteElo "2288"]
[BlackElo "2126"]
[PlyCount "41"]
[EventDate "2001.10.27"]
[EventType "team-tourn"]
[EventRounds "11"]
[EventCountry "GER"]
[SourceTitle "EXT 2003"]
[Source "ChessBase"]
[SourceDate "2002.11.25"]
[SourceVersion "1"]
[SourceVersionDate "2002.11.25"]
[SourceQuality "1"]
[WhiteTeam "Dresden (W)"]
[BlackTeam "Holsterhausen"]
[WhiteTeamCountry "GER"]
[BlackTeamCountry "GER"]

1. e4 c5 2. c3 d5 3. exd5 Qxd5 4. d4 Nf6 5. Nf3 Bg4 6. Be2 e6 7. h3 Bh5 8. 0-0 Nc6 9. Be3 cxd4 10. cxd4 Be7 11. Nc3 Qd6 12. a3 0-0 13. Qb3 Bxf3 14. Bxf3 Rac8 15. Rfd1 Na5 16. Qb5 b6 17. d5 Nc4 18. dxe6 Qxe6 19. Bd4 Rfd8 20. Bxf6 Qxf6 21. Rxd8+ 1-0

[Event "EU-ch (Women) 2nd"]
[Site "Warsaw"]
[Date "2001.05.02"]
[Round "10"]
[White "Lomineishvili, Maia"]
[Black "Krupkova, Petra"]
[Result "1-0"]
[WhiteElo "2439"]
[BlackElo "2249"]
[PlyCount "91"]
[EventDate "2001.04.22"]
[EventType "swiss"]
[EventRounds "11"]
[EventCountry "POL"]
[SourceTitle "CBM 082 Extra"]
[Source "ChessBase"]
[SourceDate "2001.07.03"]
[SourceVersion "1"]
[SourceVersionDate "2001.07.03"]
[SourceQuality "1"]

1. d4 Nf6 2. Bg5 c5 3. Bxf6 gxf6 4. dxc5 Qa5+ 5. Nd2 Bg7 6. Ngf3 Qxc5 7. c3 Nc6 8. g3 d6 9. Bg2 0-0 10. 0-0 Qh5 11. Qb3 Rb8 12. Rfd1 Be6 13. Qc2 Rfc8 14. Nb3 Bf5 15. Qd2 Be4 16. Nh4 Bxg2 17. Kxg2 Ne5 18. e4 Nc4 19. Qc2 e6 20. Nd2 Bf8 21. Nxc4 Rxc4 22. Qd3 b5 23. Nf3 Rbc8 24. Nd2 R4c7 25. Nb3 Rc4 26. Re1 Ra4 27. Nd4 Rac4 28. Nb3 Ra4 29. a3 Rac4 30. Rad1 a6 31. Qe3 f5 32. exf5 Qxf5 33. Nd4 Qg6 34. Qf3 d5 35. h4 Bg7 36. h5 Qg5 37. Rh1 Bxd4 38. cxd4 Rc2 39. Rh4 f5 40. Re1 R8c6 41. Rf4 Rxb2 42. Re5 Qh6 43. Rfxf5 Rc7 44. Rf6 Qg7 45. h6 Qe7 46. Rg5+ 1-0

[Event "EU-ch (Women) 2nd"]
[Site "Warsaw"]
[Date "2001.04.30"]
[Round "8"]
[White "Shumiakina, Tatiana"]
[Black "Krupkova, Petra"]
[Result "1-0"]
[WhiteElo "2376"]
[BlackElo "2249"]
[PlyCount "91"]
[EventDate "2001.04.22"]
[EventType "swiss"]
[EventRounds "11"]
[EventCountry "POL"]
[SourceTitle "CBM 082 Extra"]
[Source "ChessBase"]
[SourceDate "2001.07.03"]
[SourceVersion "1"]
[SourceVersionDate "2001.07.03"]
[SourceQuality "1"]

1. d4 Nf6 2. c4 g6 3. Nc3 d5 4. cxd5 Nxd5 5. e4 Nxc3 6. bxc3 Bg7 7. Bb5+ c6 8. Ba4 0-0 9. Ne2 c5 10. 0-0 Nc6 11. Be3 Na5 12. Rb1 Nc4 13. Bg5 h6 14. Bc1 cxd4 15. cxd4 a6 16. Bb3 Na5 17. Bc2 b5 18. d5 e6 19. Nf4 exd5 20. Nxd5 Nc4 21. Bf4 Na3 22. Rb3 Nxc2 23. Qxc2 Ra7 24. Rd1 Rd7 25. Rbd3 Kh8 26. Qd2 g5 27. Be3 Bb7 28. h4 f6 29. Bc5 Re8 30. hxg5 fxg5 31. f3 Qb8 32. Qf2 Be5 33. Ne7 Rxd3 34. Rxd3 Qc7 35. Ng6+ Kh7 36. Nxe5 Rxe5 37. Bd6 Qc1+ 38. Kh2 Re6 39. Rd2 Qc6 40. e5 Qe8 41. Rc2 Bd5 42. Rc7+ Kh8 43. Qc2 Qg8 44. Qf5 Bxa2 45. Be7 Qg6 46. Qf8+ 1-0

[Event "EU-ch (Women) 2nd"]
[Site "Warsaw"]
[Date "2001.04.27"]
[Round "6"]
[White "Hagesaether, Ellen"]
[Black "Krupkova, Petra"]
[Result "0-1"]
[WhiteElo "2093"]
[BlackElo "2249"]
[PlyCount "90"]
[EventDate "2001.04.22"]
[EventType "swiss"]
[EventRounds "11"]
[EventCountry "POL"]
[SourceTitle "CBM 082 Extra"]
[Source "ChessBase"]
[SourceDate "2001.07.03"]
[SourceVersion "1"]
[SourceVersionDate "2001.07.03"]
[SourceQuality "1"]

1. Nf3 g6 2. g3 Bg7 3. Bg2 c5 4. 0-0 Nc6 5. d3 d6 6. e4 e5 7. c3 Nge7 8. a3 0-0 9. b4 h6 10. Be3 b6 11. Qd2 Kh7 12. h4 Be6 13. h5 Qd7 14. Nh4 cxb4 15. axb4 d5 16. f4 dxe4 17. hxg6+ fxg6 18. Bxe4 Rad8 19. b5 Na5 20. Rxa5 bxa5 21. Bc5 Bf5 22. Nxf5 gxf5 23. Bc6 Qc7 24. fxe5 Qxe5 25. d4 Qxg3+ 26. Bg2 Rf7 27. Bxa7 f4 28. Rf3 Qg5 29. Bc5 Nd5 30. c4 Ne3 31. d5 Nxg2 32. Qc2+ Kh8 33. Qxg2 Qf5 34. Na3 Be5 35. Kh1 Rg8 36. Qf1 Qe4 37. Nb1 Rf5 38. Bg1 Rfg5 39. Bh2 Rg2 40. Qd3 Qe1+ 41. Qf1 Qh4 42. Qxg2 Rxg2 43. Kxg2 Qg4+ 44. Kf2 Bd4+ 45. Ke2 Qg2+ 0-1

[Event "EU-ch (Women) 2nd"]
[Site "Warsaw"]
[Date "2001.04.26"]
[Round "5"]
[White "Krupkova, Petra"]
[Black "Sosnowska, Elzbieta"]
[Result "1/2-1/2"]
[WhiteElo "2249"]
[BlackElo "2095"]
[PlyCount "69"]
[EventDate "2001.04.22"]
[EventType "swiss"]
[EventRounds "11"]
[EventCountry "POL"]
[SourceTitle "CBM 082 Extra"]
[Source "ChessBase"]
[SourceDate "2001.07.03"]
[SourceVersion "1"]
[SourceVersionDate "2001.07.03"]
[SourceQuality "1"]

1. e4 e5 2. Nf3 Nc6 3. d4 exd4 4. Nxd4 Bc5 5. Be3 Qf6 6. c3 Nge7 7. Bc4 d6 8. 0-0 Qg6 9. f3 0-0 10. Kh1 Bb6 11. Nd2 Kh8 12. Qe2 f5 13. Nb5 Ba5 14. b4 a6 15. Na3 f4 16. Bg1 Bb6 17. Bxb6 cxb6 18. Bb3 b5 19. Rfd1 Qh5 20. Nf1 Rf6 21. Qd2 Ne5 22. c4 Bd7 23. cxb5 axb5 24. Nc2 Raf8 25. Ne1 Bc6 26. Qf2 N7g6 27. Rd4 Nh4 28. Rad1 Qh6 29. Qd2 Rd8 30. Qc3 Qg5 31. R4d2 Rg6 32. Qd4 Rf8 33. Qf2 Qe7 34. Qa7 Rg5 35. Qf2 1/2-1/2

[Event "EU-ch (Women) 2nd"]
[Site "Warsaw"]
[Date "2001.04.25"]
[Round "4"]
[White "Peng, Zhaoqin"]
[Black "Krupkova, Petra"]
[Result "1-0"]
[WhiteElo "2391"]
[BlackElo "2249"]
[PlyCount "125"]
[EventDate "2001.04.22"]
[EventType "swiss"]
[EventRounds "11"]
[EventCountry "POL"]
[SourceTitle "CBM 082 Extra"]
[Source "ChessBase"]
[SourceDate "2001.07.03"]
[SourceVersion "1"]
[SourceVersionDate "2001.07.03"]
[SourceQuality "1"]

1. d4 Nf6 2. c4 g6 3. Nc3 d5 4. cxd5 Nxd5 5. e4 Nxc3 6. bxc3 Bg7 7. Bc4 0-0 8. Ne2 c5 9. 0-0 Nc6 10. Be3 Qc7 11. Rc1 Rd8 12. Bf4 Qd7 13. d5 Na5 14. Bd3 e5 15. Bg5 f6 16. Be3 c4 17. Bc2 b6 18. f4 Nb7 19. fxe5 fxe5 20. Ng3 Nd6 21. Qd2 Bb7 22. h3 Rf8 23. Rce1 Rxf1+ 24. Nxf1 Rf8 25. Nh2 Bc8 26. Nf3 Qe7 27. Kh2 Bd7 28. Bg5 Bf6 29. Be3 Bg7 30. Rd1 Rd8 31. Qc1 Bc8 32. a4 Nb7 33. Qb2 Qc7 34. Bg5 Re8 35. Ra1 h6 36. Be3 Bd7 37. Qc1 Kh7 38. Qe1 Bf6 39. Qg3 Qd6 40. Rf1 Qe7 41. Kh1 Kg7 42. Qf2 Bc8 43. Nd2 Bh4 44. Qf3 Nd6 45. a5 b5 46. Bc5 Rd8 47. Qd1 a6 48. Nf3 Bg3 49. Qc1 g5 50. Nh2 Bxh2 51. Kxh2 Rf8 52. Re1 Rf6 53. Bd1 Qf7 54. Qe3 Nb7 55. Bb4 Rf4 56. Kg1 Qg6 57. Rf1 Qxe4 58. Qxe4 Rxe4 59. Bf8+ Kg8 60. Bxh6 g4 61. Bc2 Nc5 62. Rf8+ Kh7 63. Rxc8 1-0

[Event "CZE-chT 0001"]
[Site "Czech Republic"]
[Date "2001.01.13"]
[Round "4"]
[White "Kolesar, Milan"]
[Black "Krupkova, Petra"]
[Result "1/2-1/2"]
[WhiteElo "2165"]
[BlackElo "2277"]
[PlyCount "132"]
[EventDate "2000.11.19"]
[EventType "team-tourn"]
[EventRounds "11"]
[EventCountry "CZE"]
[SourceTitle "EXT 2019"]
[Source "ChessBase"]
[SourceDate "2018.10.10"]
[SourceVersion "1"]
[SourceVersionDate "2018.10.10"]
[SourceQuality "1"]
[WhiteTeam "Kolin SK Sokol"]
[BlackTeam "Praha Mahrla"]
[WhiteTeamCountry "CZE"]
[BlackTeamCountry "CZE"]

1. Nf3 Nf6 2. c4 g6 3. g3 Bg7 4. Bg2 0-0 5. d4 d5 6. cxd5 Nxd5 7. 0-0 Nb6 8. Nc3 Nc6 9. d5 Na5 10. e4 c6 11. Bg5 h6 12. Bf4 cxd5 13. exd5 Nac4 14. Qe2 g5 15. Bc1 e6 16. dxe6 Bxe6 17. Rd1 Qc8 18. h4 g4 19. Nd4 Re8 20. Qc2 Bd7 21. Bf4 Ne5 22. Rac1 Ng6 23. Be3 Nc4 24. Nd5 Nxe3 25. Nxe3 Qxc2 26. Rxc2 Rab8 27. b3 Nf8 28. Ndf5 Bc8 29. Rc7 Ne6 30. Ne7+ Kf8 31. Rxc8 Rexc8 32. Nxc8 Rxc8 33. Bxb7 Rc7 34. Bd5 h5 35. Bxe6 fxe6 36. Nc4 Ke7 37. Kf1 Rc5 38. Ke2 Rf5 39. Rd3 Bf6 40. Nd6 Re5+ 41. Kd1 a6 42. Nc4 Rd5 43. Rxd5 exd5 44. Ne3 Ke6 45. Ke2 Ke5 46. Kd3 Be7 47. Ng2 Bc5 48. Ke2 Ke4 49. Nf4 d4 50. Nd3 Bd6 51. a4 a5 52. Ne1 Bb4 53. Nd3 Bd6 54. Kd2 Kf3 55. Ke1 Ke4 56. Ke2 Be7 57. Nf4 Bxh4 58. Nd3 Be7 59. Nc1 h4 60. gxh4 Bxh4 61. Nd3 Be7 62. Nc1 Bb4 63. Nd3 Ba3 64. Ne1 Be7 65. Nd3 Bd6 66. Nc1 Bb4 1/2-1/2

[Event "CZE-chTV 0102"]
[Site "Czech Republic"]
[Date "2001.??.??"]
[Round "1"]
[White "Komarek, David"]
[Black "Krupkova, Petra"]
[Result "0-1"]
[WhiteElo "2127"]
[BlackElo "2295"]
[PlyCount "66"]
[EventDate "2001.??.??"]
[EventType "team"]
[EventRounds "11"]
[EventCountry "CZE"]
[SourceTitle "EXT 2003"]
[Source "ChessBase"]
[SourceDate "2002.11.25"]
[SourceVersion "1"]
[SourceVersionDate "2002.11.25"]
[SourceQuality "1"]
[WhiteTeam "Chrudim II"]
[BlackTeam "Infinity C"]
[WhiteTeamCountry "CZE"]
[BlackTeamCountry "CZE"]

1. d4 Nf6 2. Bg5 c5 3. d5 Qb6 4. Nc3 Qxb2 5. Bd2 Qb6 6. e4 d6 7. Nf3 g6 8. Qc1 Bg7 9. Be2 0-0 10. Rb1 Qc7 11. h4 Bg4 12. Ng1 Bxe2 13. Ngxe2 e6 14. dxe6 fxe6 15. e5 dxe5 16. Ng3 Nc6 17. h5 Nxh5 18. Nxh5 gxh5 19. Ne4 Qf7 20. Rb3 Nd4 21. Rbh3 Qg6 22. Ng5 h6 23. c3 Nc2+ 24. Kd1 hxg5 25. f3 g4 26. Rxh5 gxf3 27. gxf3 Ne3+ 28. Bxe3 Rad8+ 29. Ke1 Rxf3 30. Bf2 Qe4+ 31. Kf1 Rxf2+ 32. Kxf2 Rf8+ 33. Kg3 Rf3+ 0-1